000 00244nam a2200097Ia 4500
008 240331s9999 xx 000 0 und d
082 _bKER
100 _aKerber, K.L
245 0 _aPsyco feminism :
_bconceptualization and criticism Vol.1
942 _cL
999 _c1553
_d1553